LIBRARY & INFORMATION CENTRE, KCAET, TAVANUR

ONLINE PUBLIC ACCESS CATALOGUE (OPAC)

Specification for half cage wheel for agricultural tractors,IS:11081-1984 / (Record no. 4193)

MARC details
000 -LEADER
fixed length control field 00929cam a2200157ua 4500
041 ## - LANGUAGE CODE
Language code of text/sound track or separate title eng
082 ## - DEWEY DECIMAL CLASSIFICATION NUMBER
Classification number 629.114
Item number IND/SP
245 ## - TITLE STATEMENT
Title Specification for half cage wheel for agricultural tractors,IS:11081-1984 /
250 ## - EDITION STATEMENT
Edition statement 1 /
260 ## - PUBLICATION, DISTRIBUTION, ETC. (IMPRINT)
Place of publication :
Name of publisher ISI ,
Year of publication 1985.
300 ## - PHYSICAL DESCRIPTION
Number of Pages 6 ; .
942 ## - ADDED ENTRY ELEMENTS (KOHA)
Koha item type Books
Holdings
Withdrawn status Lost status Damaged status Home library Current library Date acquired Full call number Accession Number Koha item type
      KAUAET   08/03/1990 629.114 16613 Books
free website counter